[Event "EU-Cup Online Gr-I"]
[Site "Tornelo INT"]
[Date "2021.03.28"]
[Round "6.1"]
[White "Ribbegren, Karl Johan"]
[Black "Bulockin, Martin"]
[Result "0-1"]
[WhiteElo "2185"]
[BlackElo "2315"]
[PlyCount "90"]
[EventDate "2021.03.27"]
[EventType "team-tourn (rapid)"]
[EventRounds "9"]
[EventCountry "NET"]
[SourceTitle "CBM 201 Extra"]
[Source "ChessBase"]
[SourceDate "2021.05.31"]
[SourceVersion "1"]
[SourceVersionDate "2021.05.31"]
[SourceQuality "1"]
[WhiteTeam "Monte Carlo II"]
[BlackTeam "Bohemian Fire"]
[WhiteTeamCountry "MNC"]
[BlackTeamCountry "CZE"]

1. d4 Nf6 2. Nf3 e6 3. Bg5 c5 4. e3 Nc6 5. c3 d5 6. Nbd2 Be7 7. Bd3 0-0 8. Ne5 h6 9. Bf4 Nd7 10. Qh5 f5 11. Nxc6 bxc6 12. Bxh6 Qe8 13. Qxe8 Rxe8 14. Bf4 a5 15. 0-0 Ba6 16. Bxa6 Rxa6 17. f3 Rb6 18. Rab1 cxd4 19. exd4 Rb7 20. Rfe1 Kf7 21. Re2 c5 22. Rbe1 Bf6 23. Nb3 cxd4 24. Nxd4 Bxd4+ 25. cxd4 Nb6 26. Rc1 a4 27. Rc7+ Re7 28. Rxe7+ Kxe7 29. Kf2 Nc4 30. Bc1 Kf6 31. h4 g6 32. g4 e5 33. dxe5+ Ke6 34. g5 d4 35. f4 d3 36. b3 dxe2 37. bxc4 Rb1 38. Bd2 e1Q+ 39. Bxe1 Rb2+ 40. Ke3 Rxa2 41. Bc3 Rh2 42. c5 Kd5 43. Bb4 a3 44. c6 Kxc6 45. e6 a2 0-1

[Event "EU-Cup Online Gr-I"]
[Site "Tornelo INT"]
[Date "2021.03.27"]
[Round "3.1"]
[White "Javakhishvili, Lela"]
[Black "Bulockin, Martin"]
[Result "1-0"]
[WhiteElo "2473"]
[BlackElo "2315"]
[PlyCount "63"]
[EventDate "2021.03.27"]
[EventType "team-tourn (rapid)"]
[EventRounds "9"]
[EventCountry "NET"]
[SourceTitle "CBM 201 Extra"]
[Source "ChessBase"]
[SourceDate "2021.05.31"]
[SourceVersion "1"]
[SourceVersionDate "2021.05.31"]
[SourceQuality "1"]
[WhiteTeam "Schwaebisch Hall (W)"]
[BlackTeam "Bohemian Fire"]
[WhiteTeamCountry "GER"]
[BlackTeamCountry "CZE"]

1. Nf3 c5 2. c4 Nc6 3. g3 g6 4. Bg2 Bg7 5. Nc3 e5 6. d3 d6 7. Nd2 Nge7 8. Nf1 Nf5 9. a3 0-0 10. Rb1 a5 11. Ne3 Nxe3 12. Bxe3 Be6 13. Qd2 f5 14. Nd5 Rb8 15. Bg5 Qd7 16. b4 axb4 17. axb4 b5 18. cxb5 Rxb5 19. 0-0 Rfb8 20. Nf6+ Bxf6 21. Bxf6 Nxb4 22. f4 exf4 23. Ba1 d5 24. Be5 Ra8 25. Qxf4 Rba5 26. g4 Nc6 27. gxf5 Bxf5 28. Rb7 Qxb7 29. Bxd5+ Kf8 30. Qh6+ Ke8 31. Rxf5 Ra1+ 32. Kg2 1-0

[Event "EU-ch Online U2300 Qual"]
[Site "Chess.com INT"]
[Date "2020.05.25"]
[Round "2"]
[White "Rajkovic, Dusan"]
[Black "Bulockin, Martin"]
[Result "1-0"]
[WhiteElo "2267"]
[BlackElo "2255"]
[PlyCount "131"]
[EventDate "2020.05.25"]
[EventType "swiss"]
[EventRounds "8"]
[EventCountry "NET"]
[SourceTitle "EXT 2021"]
[Source "ChessBase"]
[SourceDate "2020.10.23"]
[SourceVersion "1"]
[SourceVersionDate "2020.10.23"]
[SourceQuality "1"]

1. d4 Nf6 2. c4 e6 3. Nf3 c5 4. d5 exd5 5. cxd5 d6 6. Nc3 g6 7. e4 Bg7 8. h3 0-0 9. Bd3 b5 10. Nxb5 Re8 11. Nc3 Nxe4 12. Nxe4 f5 13. Bg5 Bf6 14. Bxf6 Qxf6 15. 0-0 fxe4 16. Re1 Bf5 17. Qa4 Nd7 18. Bxe4 Nb6 19. Qc2 Bxe4 20. Rxe4 Nxd5 21. Qc4 Qf7 22. Rd1 Rxe4 23. Qxe4 Nb6 24. Rxd6 Re8 25. Qb1 Rf8 26. b3 Qe7 27. Qd1 Kg7 28. Rd2 Rf7 29. Re2 Qf6 30. Qd2 c4 31. bxc4 Nxc4 32. Qb4 Nd6 33. Qb2 Rb7 34. Qxf6+ Kxf6 35. Nd4 Nc4 36. g3 Rd7 37. Nb3 a5 38. Rc2 Rd1+ 39. Kg2 Ne5 40. Nxa5 Rd5 41. Nc4 Rc5 42. Ne3 Ra5 43. h4 h5 44. Rd2 Ke6 45. Rb2 Ra6 46. Re2 Kd6 47. Nd1 Ra3 48. Rd2+ Ke6 49. Ne3 Ra5 50. Rb2 Ra6 51. Kf1 Ra3 52. Ng2 Nd3 53. Re2+ Kf6 54. Re3 Rc3 55. Ne1 Ra3 56. Rxd3 Rxa2 57. Nf3 Ra1+ 58. Kg2 Ra6 59. Ng5 Rb6 60. Rf3+ Kg7 61. Rf7+ Kg8 62. Rc7 Ra6 63. Nh3 Rb6 64. Nf4 Ra6 65. Re7 Kf8 66. Re6 1-0

[Event "CZE-ch U20"]
[Site "Kouty nad Desnou"]
[Date "2020.03.12"]
[Round "9"]
[White "Bulockin, Martin"]
[Black "Brejnik, Gustav"]
[Result "1/2-1/2"]
[WhiteElo "2218"]
[BlackElo "2259"]
[PlyCount "105"]
[EventDate "2020.03.06"]
[EventType "tourn"]
[EventRounds "11"]
[EventCountry "CZE"]
[SourceTitle "CBM 195 Extra"]
[Source "ChessBase"]
[SourceDate "2020.05.31"]
[SourceVersion "1"]
[SourceVersionDate "2020.05.31"]
[SourceQuality "1"]

1. d4 d5 2. Bf4 c5 3. e3 cxd4 4. exd4 Nc6 5. c3 Bf5 6. Nd2 e6 7. Qb3 Qd7 8. Ngf3 Nge7 9. h3 a6 10. a4 h6 11. Be2 Nc8 12. 0-0 Bd6 13. Be3 0-0 14. Qd1 Bc7 15. b4 Nd6 16. Ne5 Nxe5 17. dxe5 Ne4 18. Nxe4 Bxe4 19. Bc5 Rfb8 20. Bd4 Qd8 21. f3 Bf5 22. Qd2 Bb6 23. Rfc1 Rc8 24. a5 Bxd4+ 25. cxd4 Rxc1+ 26. Rxc1 Rc8 27. Rc5 Rxc5 28. bxc5 Qd7 29. Qc3 Qc6 30. Qb3 g5 31. Kf2 Kg7 32. Ke3 h5 33. Bd1 Qc7 34. Qb6 Qe7 35. Qd6 Qe8 36. c6 bxc6 37. Ba4 Bb1 38. Bxc6 Qc8 39. h4 gxh4 40. Kf2 Ba2 41. Kg1 Qh8 42. Qe7 Qh6 43. Qf6+ Qxf6 44. exf6+ Kxf6 45. Kf2 Bc4 46. Ba4 Kg5 47. Ke3 Bf1 48. Kf2 Bc4 49. Ke3 f6 50. Bd7 e5 51. f4+ exf4+ 52. Kf3 Bb3 53. Bc8 1/2-1/2

[Event "Pokrzywna"]
[Site "Pokrzywna"]
[Date "2020.02.10"]
[Round "3"]
[White "Bulockin, Martin"]
[Black "Licznerski, Lukasz"]
[Result "1/2-1/2"]
[WhiteElo "2264"]
[BlackElo "2360"]
[PlyCount "99"]
[EventDate "2020.02.09"]
[EventType "tourn"]
[EventRounds "9"]
[EventCountry "POL"]
[EventCategory "3"]
[SourceTitle "CBM 194 Extra"]
[Source "ChessBase"]
[SourceDate "2020.03.31"]
[SourceVersion "1"]
[SourceVersionDate "2020.03.31"]
[SourceQuality "1"]

1. e4 c6 2. Nf3 d5 3. d3 Bg4 4. Be2 Nf6 5. Nbd2 e6 6. 0-0 Be7 7. h3 Bxf3 8. Bxf3 Nbd7 9. d4 0-0 10. c4 Qb6 11. e5 Ne8 12. c5 Qc7 13. b4 a5 14. bxa5 Qxa5 15. Qc2 b6 16. cxb6 Qxb6 17. a4 Qxd4 18. Bb2 Qc5 19. Qd3 Qa7 20. Rfb1 Nc7 21. Bd1 Rfb8 22. Bc2 Nf8 23. Nf3 c5 24. Nh2 c4 25. Qg3 d4 26. Be4 Nd5 27. h4 h5 28. Nf3 d3 29. Bxd5 exd5 30. Bd4 Rxb1+ 31. Rxb1 Bc5 32. Bxc5 Qxc5 33. Ng5 Qe7 34. Qf3 Rd8 35. a5 d4 36. Rb7 Rd7 37. Rb8 d2 38. Qxh5 Rd8 39. Rxd8 d1Q+ 40. Qxd1 Qxd8 41. a6 d3 42. Qf3 Qd7 43. Ne4 Ne6 44. Qe3 Nd4 45. Qg5 Kh8 46. Qh5+ Kg8 47. Qg5 Kh8 48. Qh5+ Kg8 49. Qg5 Kh8 50. Qh5+ 1/2-1/2

[Event "Hradec Kralove op 10th"]
[Site "Hradec Kralove"]
[Date "2019.11.01"]
[Round "8"]
[White "Yakimenko, Alexander A"]
[Black "Bulockin, Martin"]
[Result "0-1"]
[WhiteElo "2149"]
[BlackElo "2088"]
[PlyCount "90"]
[EventDate "2019.10.26"]
[EventType "swiss"]
[EventRounds "9"]
[EventCountry "CZE"]
[SourceTitle "CBM 193 Extra"]
[Source "ChessBase"]
[SourceDate "2020.01.31"]
[SourceVersion "1"]
[SourceVersionDate "2020.01.31"]
[SourceQuality "1"]

1. e4 c5 2. Nf3 d6 3. Bb5+ Bd7 4. a4 Nc6 5. 0-0 Nf6 6. Re1 e5 7. c3 a6 8. Bf1 Bg4 9. Na3 Be7 10. Nc4 0-0 11. d3 Re8 12. h3 Bh5 13. g4 Bg6 14. Nh4 Nd7 15. Nf5 Bxf5 16. exf5 d5 17. Ne3 d4 18. Nd5 Nb6 19. Nxe7+ Qxe7 20. Qb3 Qc7 21. Bg5 Na5 22. Qa2 dxc3 23. bxc3 c4 24. dxc4 Nbxc4 25. Bg2 f6 26. Bd5+ Kh8 27. Bc1 Rad8 28. Be6 Rd3 29. Qc2 Red8 30. Be3 Nd2 31. Red1 Nf3+ 32. Kg2 e4 33. Rh1 Rxe3 34. fxe3 Rd2+ 35. Qxd2 Nxd2 36. Rad1 Nac4 37. Kf2 g6 38. Bxc4 Nxc4 39. Rd4 Ne5 40. c4 Nd3+ 41. Kg2 Qa5 42. Kg3 Qd2 43. Rd8+ Kg7 44. Rd7+ Kh6 45. Rh2 Qe1+ 0-1

[Event "EU-ch U18"]
[Site "Bratislava"]
[Date "2019.08.10"]
[Round "9"]
[White "Alivodic, Dario"]
[Black "Bulockin, Martin"]
[Result "1/2-1/2"]
[WhiteElo "2092"]
[BlackElo "2095"]
[PlyCount "72"]
[EventDate "2019.08.02"]
[EventType "swiss"]
[EventRounds "9"]
[EventCountry "SVK"]
[SourceTitle "CBM 191 Extra"]
[Source "ChessBase"]
[SourceDate "2019.09.30"]
[SourceVersion "1"]
[SourceVersionDate "2019.09.30"]
[SourceQuality "1"]

1. d4 Nf6 2. c4 c5 3. d5 e6 4. Nc3 exd5 5. cxd5 d6 6. e4 g6 7. f4 Bg7 8. Bb5+ Nfd7 9. Nf3 0-0 10. 0-0 a6 11. Bd3 b5 12. Kh1 b4 13. Ne2 a5 14. f5 Ne5 15. Bg5 f6 16. Nxe5 fxg5 17. Nc4 Ba6 18. fxg6 Rxf1+ 19. Qxf1 hxg6 20. e5 Nd7 21. e6 Nf6 22. Ng3 Bxc4 23. Bxc4 Bf8 24. Qd3 Kg7 25. Rf1 Be7 26. Bb3 Qh8 27. Ne4 Qh4 28. Nxf6 Bxf6 29. Bc2 Qh7 30. Qb5 Rf8 31. Bd3 Be7 32. Rxf8 Kxf8 33. Qb8+ Kg7 34. Qe8 Kf6 35. g3 Ke5 36. Kg2 Qg7 1/2-1/2

[Event "EU-ch U18"]
[Site "Bratislava"]
[Date "2019.08.08"]
[Round "7"]
[White "Leisch, Lukas"]
[Black "Bulockin, Martin"]
[Result "1-0"]
[WhiteElo "2330"]
[BlackElo "2095"]
[PlyCount "131"]
[EventDate "2019.08.02"]
[EventType "swiss"]
[EventRounds "9"]
[EventCountry "SVK"]
[SourceTitle "CBM 191 Extra"]
[Source "ChessBase"]
[SourceDate "2019.09.30"]
[SourceVersion "1"]
[SourceVersionDate "2019.09.30"]
[SourceQuality "1"]

1. c4 c5 2. Nf3 Nc6 3. d4 cxd4 4. Nxd4 Nf6 5. Nc3 d5 6. cxd5 Nxd5 7. Nxc6 bxc6 8. Bd2 Nxc3 9. Bxc3 Qxd1+ 10. Kxd1 Ba6 11. Kc2 0-0-0 12. e4 Bxf1 13. Rhxf1 e6 14. f4 f6 15. g4 Be7 16. h4 Rhg8 17. Rae1 Kd7 18. Rf3 Kc8 19. Re2 c5 20. Be1 Rd7 21. Rc3 Rc7 22. Rc4 Rc6 23. Bf2 Kc7 24. Re3 Rc8 25. g5 g6 26. Rh3 Kd7 27. Ra3 a6 28. Be3 e5 29. fxe5 fxe5 30. Rd3+ Ke6 31. Rd5 Bd6 32. Kc3 R8c7 33. Kd3 Rc8 34. b3 Be7 35. Rc1 R6c7 36. Rc2 Rc6 37. Kc4 Rb8 38. Kd3 Rbc8 39. Bc1 Rf8 40. Ke2 Rfc8 41. Rc4 Rf8 42. Rd1 Rb6 43. Be3 Rc8 44. Rdc1 a5 45. Bd2 Ra6 46. Ra4 Rd8 47. Be3 Rb8 48. Bxc5 Rc8 49. Be3 Rxc1 50. Bxc1 Bc5 51. Bd2 Bb6 52. b4 Kd6 53. b5 Ra7 54. Rc4 Bd4 55. Rc6+ Kd7 56. a4 Ra8 57. Rf6 Rc8 58. Rf7+ Ke6 59. Rxh7 Bc3 60. Bxc3 Rxc3 61. Rg7 Rc4 62. Rxg6+ Kf7 63. Rf6+ Kg7 64. Kf3 Rxa4 65. Ra6 Ra3+ 66. Kg4 1-0

[Event "Pardubice Czech op-A 30th"]
[Site "Pardubice"]
[Date "2019.07.27"]
[Round "9"]
[White "Bulockin, Martin"]
[Black "Stevanic, David"]
[Result "0-1"]
[WhiteElo "2210"]
[BlackElo "2306"]
[PlyCount "70"]
[EventDate "2019.07.19"]
[EventType "swiss"]
[EventRounds "9"]
[EventCountry "CZE"]
[SourceTitle "CBM 191"]
[Source "ChessBase"]
[SourceDate "2019.08.31"]
[SourceVersion "1"]
[SourceVersionDate "2019.08.31"]
[SourceQuality "1"]

1. e4 e5 2. Nf3 Nc6 3. Bb5 a6 4. Bxc6 dxc6 5. d3 Bd6 6. Be3 Bg4 7. h3 Bh5 8. Nbd2 Ne7 9. Nc4 f6 10. Qe2 Bf7 11. c3 b5 12. Na5 Qc8 13. b4 Qd7 14. a3 Ng6 15. 0-0 0-0 16. c4 f5 17. c5 Be7 18. exf5 Qxf5 19. Nxc6 Bf6 20. Na5 Bd5 21. Ne1 h5 22. f3 Nf4 23. Qf2 g5 24. Rd1 g4 25. d4 exd4 26. Bxf4 Qxf4 27. fxg4 Qh6 28. Qf5 Qe3+ 29. Kh1 Qxh3+ 30. Kg1 Qe3+ 31. Kh1 Be5 32. Qg6+ Bg7 33. Rf5 hxg4 34. Qxg4 Be6 35. Nc2 Qh6+ 0-1

[Event "Pardubice Czech op-A 30th"]
[Site "Pardubice"]
[Date "2019.07.19"]
[Round "1"]
[White "Bulockin, Martin"]
[Black "Haba, Petr"]
[Result "0-1"]
[WhiteElo "2210"]
[BlackElo "2458"]
[PlyCount "40"]
[EventDate "2019.07.19"]
[EventType "swiss"]
[EventRounds "9"]
[EventCountry "CZE"]
[SourceTitle "CBM 191"]
[Source "ChessBase"]
[SourceDate "2019.08.31"]
[SourceVersion "1"]
[SourceVersionDate "2019.08.31"]
[SourceQuality "1"]

1. d4 d5 2. Bf4 c5 3. e3 Nc6 4. c3 Qb6 5. Qb3 c4 6. Qc2 e5 7. dxe5 Bf5 8. Qc1 g5 9. Bg3 h5 10. h4 gxh4 11. Rxh4 Nge7 12. e4 Bxe4 13. Rxe4 dxe4 14. Bxc4 Bh6 15. Qc2 0-0-0 16. Ne2 h4 17. Bh2 Rhg8 18. Kf1 Qxb2 19. Bb3 Qxa1 20. e6 Rd2 0-1

[Event "Pardubice Czech op-E 30th"]
[Site "Pardubice"]
[Date "2019.07.13"]
[Round "5.4"]
[White "Cuhra, Martin"]
[Black "Bulockin, Martin"]
[Result "1-0"]
[WhiteElo "2238"]
[BlackElo "2210"]
[PlyCount "63"]
[EventDate "2019.07.11"]
[EventType "team-swiss"]
[EventRounds "7"]
[EventCountry "CZE"]
[SourceTitle "EXT 2020"]
[Source "ChessBase"]
[SourceDate "2019.10.17"]
[SourceVersion "1"]
[SourceVersionDate "2019.10.17"]
[SourceQuality "1"]
[WhiteTeam "Praha Oaza"]
[BlackTeam "Roskov Chess Academy"]
[WhiteTeamCountry "CZE"]
[BlackTeamCountry "CZE"]

1. e4 c5 2. Nf3 d6 3. d4 cxd4 4. Nxd4 Nf6 5. Nc3 Nc6 6. h3 e5 7. Nde2 Be6 8. Bg5 Be7 9. g3 a6 10. Bg2 Qd7 11. Be3 b5 12. Nd5 Bxd5 13. exd5 Na7 14. 0-0 0-0 15. c3 Rfe8 16. a4 Qb7 17. axb5 Nxb5 18. Qd2 Bf8 19. c4 Nc7 20. b4 Reb8 21. Rfb1 Nfe8 22. Nc3 Qc8 23. c5 Nb5 24. Na4 Qd8 25. Nb6 dxc5 26. bxc5 Bxc5 27. Nxa8 Bxe3 28. Qxe3 Rxa8 29. Qxe5 Ned6 30. Bf1 Qd7 31. Bxb5 Nxb5 32. Rxa6 1-0

[Event "Teplice op 14th"]
[Site "Teplice"]
[Date "2019.06.16"]
[Round "2"]
[White "Bulockin, Martin"]
[Black "Hollan, Martin"]
[Result "1-0"]
[WhiteElo "2165"]
[BlackElo "2423"]
[PlyCount "97"]
[EventDate "2019.06.15"]
[EventType "swiss"]
[EventRounds "9"]
[EventCountry "CZE"]
[SourceTitle "CBM 191 Extra"]
[Source "ChessBase"]
[SourceDate "2019.09.30"]
[SourceVersion "1"]
[SourceVersionDate "2019.09.30"]
[SourceQuality "1"]

1. d4 Nf6 2. Bf4 d5 3. e3 e6 4. Nf3 c5 5. c3 Nc6 6. Nbd2 Bd6 7. Bg3 b6 8. Bd3 0-0 9. 0-0 Bb7 10. Ne5 Ne7 11. f4 Nf5 12. Bxf5 exf5 13. Bh4 Be7 14. Bxf6 Bxf6 15. Kh1 Be7 16. Rg1 f6 17. Nd3 Bc8 18. Qf3 Kh8 19. Nf2 g5 20. g4 fxg4 21. Nxg4 f5 22. Ne5 g4 23. Qe2 Bd6 24. Raf1 Be6 25. h3 Bxe5 26. fxe5 Qg5 27. Qf2 cxd4 28. cxd4 Qh6 29. h4 Rac8 30. Nb1 b5 31. Nc3 b4 32. Nb5 Rg8 33. Qg3 Rc2 34. Rg2 Rxg2 35. Kxg2 Qg7 36. Rc1 Qb7 37. Nd6 Qa6 38. Qe1 g3 39. Qd2 Rg4 40. h5 Qb6 41. Rh1 a5 42. Ne8 Rg8 43. Nf6 Rc8 44. Rc1 Qb5 45. Kxg3 Rxc1 46. Qxc1 Qe2 47. Qg1 h6 48. Kf4 Qxb2 49. Ne8 1-0